Statystyki dla Geografia quiz #83 - Państwa na literę S

Kliknij tutaj aby rozwiązać quiz!

Ogólne statystyki

  • Ten quiz został rozwiązany 30 razy
  • Średni wynik to 18 z 22

Statystyki odpowiedzi

PaństwoKontynentPowierzchniaLiczba ludności% Poprawnych
SłowacjaEuropa49 035 km²5 455 000
100%
SłoweniaEuropa20 273 km²2 039 399
100%
SzwecjaEuropa449 964 km²9 331 523
100%
SerbiaEuropa77 474 km²7 498 001
97%
SeszeleAfryka455 km²86 525
90%
SudanAfryka1 886 068 km²30 894 000
90%
SzwajcariaEuropa41 290 km²7 725 200
90%
San MarinoEuropa61,6 km²31 817
87%
Stany ZjednoczoneAmeryka Północna9 373 967 km²311 280 492
87%
SenegalAfryka196 190 km²12 521 851
83%
SingapurAzja692,7 km²4 608 000
83%
SomaliaAfryka637 700 km²9 559 000
83%
Sudan PołudniowyAfryka589 745 km²8 260 490
83%
Saint LuciaAmeryka Północna616 km²164 213
77%
SalwadorAmeryka Północna21 040 km²6 820 000
77%
Saint Vincent i GrenadynyAmeryka Północna389 km²119 000
73%
SurinamAmeryka Południowa163 270 km²476 000
73%
Saint Kitts i NevisAmeryka Północna261 km²38 819
70%
SamoaAustralia i Oceania2944 km²177 714
70%
Sierra LeoneAfryka71 740 km²6 150 000
70%
SyriaAzja185 180 km²19 748 000
70%
Sri LankaAzja65 610 km²20 010 000
63%

Rozkład punktacji

Percentyl według liczby udzielonych odpowiedzi

Procent ludzi z każdym wynikiem

Twoja historia wyników

Nie rozwiązałeś tego quizu